[Event "VII Festival A"]
[Site "Campobasso ITA"]
[Date "2000.09.08"]
[Round "2"]
[White "Mishin, Alexei"]
[Black "Piscopo, Pierluigi"]
[Result "1/2-1/2"]
[WhiteElo "2345"]
[BlackElo "2134"]
[PlyCount "138"]
[EventDate "2000.09.08"]

1. e4 c5 2. Nc3 Nc6 3. g3 g6 4. Bg2 Bg7 5. d3 d6 6. f4 e6 7. Nf3 Nge7 8. O-O
O-O 9. Be3 Nd4 10. e5 Nec6 11. Ne4 dxe5 12. Nxe5 Nxe5 13. fxe5 Bxe5 14. c3 Nf5
15. Bxc5 Re8 16. Qf3 h5 17. h3 b6 18. Bf2 Bb7 19. d4 Bxg3 20. Bxg3 Bxe4 21.
Qxe4 Nxg3 22. Qxa8 Qxa8 23. Bxa8 Nxf1 24. Bc6 Rc8 25. Bd7 Rd8 26. Bxe6 Nd2 27.
Bb3 Re8 28. Kf2 Ne4+ 29. Kg2 Nd2 30. Bd5 Re2+ 31. Kg3 Kg7 32. h4 f5 33. c4 Kf6
34. Rc1 g5 35. hxg5+ Kxg5 36. c5 f4+ 37. Kh3 f3 38. c6 f2 39. Bg2 Re1 40. Rc3
Rh1+ 41. Kg3 Ne4+ 42. Bxe4 f1=Q 43. Bxh1 Qxh1 44. c7 Qg1+ 45. Kf3 Qg4+ 46. Ke3
Qe6+ 47. Kf3 Qc8 48. Ke4 Qf5+ 49. Ke3 Qc8 50. Ke4 Kf6 51. d5 Ke7 52. Ke5 Kd7
53. d6 h4 54. a3 Qh8+ 55. Ke4 h3 56. c8=Q+ Qxc8 57. Rxc8 Kxc8 58. Kf3 Kd7 59.
Kg3 Kxd6 60. Kxh3 Kd5 61. Kg4 Kd4 62. Kf4 Kd3 63. Ke5 Kc2 64. b4 b5 65. Kd5 Kb3
66. Kc5 Ka4 67. Kc6 a6 68. Kb6 Kxa3 69. Kxa6 Kxb4 1/2-1/2

[Event "VII Festival A"]
[Site "Campobasso ITA"]
[Date "2000.09.09"]
[Round "4"]
[White "De Rosa, Mariagrazia"]
[Black "Piscopo, Pierluigi"]
[Result "0-1"]
[WhiteElo "1600"]
[BlackElo "2134"]
[PlyCount "66"]
[EventDate "2000.09.08"]

1. e4 c5 2. Nf3 Nc6 3. d4 cxd4 4. Nxd4 Nf6 5. Nc3 e5 6. Ndb5 d6 7. Bg5 a6 8.
Na3 b5 9. Nd5 Be7 10. Bxf6 Bxf6 11. c3 Bg5 12. Nc2 O-O 13. a4 bxa4 14. Rxa4 a5
15. Bc4 Rb8 16. b3 Kh8 17. O-O g6 18. Qd3 f5 19. f3 f4 20. Rd1 Bh4 21. b4 g5
22. Rda1 g4 23. Qf1 Bg3 24. hxg3 fxg3 25. Ne1 Qh4 26. Qd3 Qh2+ 27. Kf1 gxf3 28.
Nxf3 Qh1+ 29. Ke2 Qxg2+ 30. Kd1 Rxf3 31. Qe2 Rf2 32. Qe1 Bg4+ 33. Kc1 Rc2+ 0-1